Социально-экономическое развитие России: проблемы, тенденции, перспективы (Запись № 13667589)

Подробности
000 -МАРКЕР
контрольное поле 02584nam0a2200361 4500
001 - ИДЕНТИФИКАТОР ЗАПИСИ
контрольное поле RU\NLR\BIBL_A\022354310
005 - ИДЕНТИФИКАТОР ВЕРСИИ
контрольное поле 20260420015940.0
010 ## - МЕЖДУНАРОДНЫЙ СТАНДАРТНЫЙ НОМЕР КНИГИ (ISBN)
Номер (ISBN) 978-5-907857-97-1
Тираж 100
021 ## - НОМЕР ГОСУДАРСТВЕННОЙ РЕГИСТРАЦИИ
Код страны российская федерация
Номер КН-П-24-051066
Номер Листа государственной регистраци КН-П-24-5078
035 ## - ДРУГИЕ СИСТЕМНЫЕ НОМЕРА
Идентификатор записи (NLR Aleph) 022354310
100 ## - ДАННЫЕ ОБЩЕЙ ОБРАБОТКИ
Данные общей обработки 20241016d2024 k y0rusy50 ca
101 0# - ЯЗЫК РЕСУРСА
Язык текста, звукозаписи и т.д. русский
Язык резюме английский
102 ## - СТРАНА ПУБЛИКАЦИИ ИЛИ ПРОИЗВОДСТВА
Страна публикации российская федерация
105 ## - ПОЛЕ КОДИРОВАННЫХ ДАННЫХ: ТЕКСТОВЫЕ МАТЕРИАЛЫ, МОНОГРАФИЧЕСКИЕ
Кодированные данные о монографическом текстовом документе a z 100yy
181 #0 - ПОЛЕ КОДИРОВАННЫХ ДАННЫХ: ВИД СОДЕРЖАНИЯ
Код вида содержания (ISBD) i
Код характеристики содержания (ISBD) xxxe
182 #0 - ПОЛЕ КОДИРОВАННЫХ ДАННЫХ: ТИП СРЕДСТВА
Код типа средства (ISBD) n - непосредственное
200 1# - ЗАГЛАВИЕ И СВЕДЕНИЯ ОБ ОТВЕТСТВЕННОСТИ
Основное заглавие Социально-экономическое развитие России: проблемы, тенденции, перспективы
Сведения, относящиеся к заглавию сборник научных статей XXIII международной научно-практической конференции, 15 мая 2024 года
Первые сведения об ответственности Финансовый университет при Правительстве Российской Федерации, Курский филиал, Курская региональная общественная организация Вольного экономического общества России
Последующие сведения об ответственности редакционная коллегия: Ильин А. Е., д-р экон. наук, проф. [и др.]
203 ## - ВИД СОДЕРЖАНИЯ И ТИП СРЕДСТВА
Вид содержания Текст
Дополнительные сведения об издании визуальный
Тип средства непосредственный
210 ## - ПУБЛИКАЦИЯ, РАСПРОСТРАНЕНИЕ И ДР.
Место издания, распространения и т.д. Курск
Имя издателя, распространителя и т. д. Университетская книга
Дата издания, распространения и т.д. 2024
215 ## - ФИЗИЧЕСКАЯ ХАРАКТЕРИСТИКА
Специфическое обозначение материала и объем 535 с.
Другие сведения о физической характеристике ил.
Размеры 20
300 ## - ОБЩИЕ ПРИМЕЧАНИЯ
Текст примечания Рез. англ.
320 ## - ПРИМЕЧАНИЯ О НАЛИЧИИ В ДОКУМЕНТЕ БИБЛИОГРАФИИ / УКАЗАТЕЛЯ
Текст примечания Библиогр. в конце ст. и в подстроч. примеч.
607 ## - ГЕОГРАФИЧЕСКОЕ НАИМЕНОВАНИЕ КАК ПРЕДМЕТ
Географическое наименование Российская Федерация
Формальный подзаголовок Съезды, совещания и т.п
Тематический подзаголовок Социально-экономическое развитие
Системный номер авторитетной/нормативной записи 2073290
Идентификатор авторитетной/нормативной записи RU\NLR\AUTH\661248179
686 1# - ИНДЕКСЫ ДРУГИХ КЛАССИФИКАЦИЙ
Индекс У03(2Р)74я431
702 #1 - ИМЯ ЛИЦА - ВТОРИЧНАЯ ОТВЕТСТВЕННОСТЬ
Код отношения Редактор
Графика поля Кириллица
Материалы, к которым относится поле rus
Начальный элемент ввода Ильин
Часть имени, кроме начального элемента ввода А. Е.
Дополнения к именам, кроме дат д-р экон. наук
Расширение инициалов личного имени Алексей Евгеньевич
Системный номер авторитетной/нормативной записи 14710
Идентификатор авторитетной/нормативной записи RU\NLR\AUTH\7731700
711 12 - НАИМЕНОВАНИЕ ОРГАНИЗАЦИИ - АЛЬТЕРНАТИВНАЯ ОТВЕТСТВЕННОСТЬ
Начальный элемент ввода "Социально-экономическое развитие России: проблемы, тенденции, перспективы", международная научно-практическая конференция
Порядковый номер временной организации и / или порядковый номер ее части 23
Место проведения временной организации Курск
Дата проведения временной организации 2024
Системный номер авторитетной/нормативной записи 2645460
Идентификатор авторитетной/нормативной записи RU\NLR\AUTH\880617281
712 02 - НАИМЕНОВАНИЕ ОРГАНИЗАЦИИ - ВТОРИЧНАЯ ОТВЕТСТВЕННОСТЬ
Код отношения Организатор конференции
Начальный элемент ввода Финансовый университет при Правительстве Российской Федерации
Структурное подразделение Курский филиал
Идентифицирующий признак Москва
Системный номер авторитетной/нормативной записи 324041
Идентификатор авторитетной/нормативной записи RU\NLR\AUTH\8810219311
942 ## - ДОПОЛНИТЕЛЬНЫЕ ЭЛЕМЕНТЫ ЗАПИСИ (АБИС)
Тип экземпляра АБИС Книга
980 ## - КОЛЛЕКЦИЯ
Название коллекции Национальная библиография

Нет доступных экземпляров.